<?xml version="1.0" encoding="UTF-8"?>
<record
    xmlns:xsi="http://www.w3.org/2001/XMLSchema-instance"
    xsi:schemaLocation="http://www.loc.gov/MARC21/slim http://www.loc.gov/standards/marcxml/schema/MARC21slim.xsd"
    xmlns="http://www.loc.gov/MARC21/slim">

  <leader>00462nam a2200169Ia 4500</leader>
  <controlfield tag="008">230718s9999    xx            000 0 und d</controlfield>
  <datafield tag="041" ind1=" " ind2=" ">
    <subfield code="a">eng</subfield>
  </datafield>
  <datafield tag="082" ind1=" " ind2=" ">
    <subfield code="a">523.1</subfield>
    <subfield code="b">NAR</subfield>
  </datafield>
  <datafield tag="100" ind1=" " ind2=" ">
    <subfield code="a">Narlikar J.V.</subfield>
    <subfield code="9">121113</subfield>
  </datafield>
  <datafield tag="245" ind1=" " ind2=" ">
    <subfield code="a">Introduction To Cosmology</subfield>
  </datafield>
  <datafield tag="250" ind1=" " ind2=" ">
    <subfield code="a">3rd Ed.</subfield>
  </datafield>
  <datafield tag="260" ind1=" " ind2=" ">
    <subfield code="c">2010</subfield>
    <subfield code="b">Cambridge University Press</subfield>
  </datafield>
  <datafield tag="300" ind1=" " ind2=" ">
    <subfield code="a">541</subfield>
  </datafield>
  <datafield tag="365" ind1=" " ind2=" ">
    <subfield code="c">Rs.</subfield>
    <subfield code="b">495.00</subfield>
  </datafield>
  <datafield tag="700" ind1=" " ind2=" ">
    <subfield code="a">Narlikar J.V.</subfield>
    <subfield code="9">121113</subfield>
  </datafield>
  <datafield tag="906" ind1=" " ind2=" ">
    <subfield code="d">O:0136510-Dec-2010B:630622-Nov-2010</subfield>
    <subfield code="c">COMP</subfield>
    <subfield code="b">123.75</subfield>
  </datafield>
  <datafield tag="999" ind1=" " ind2=" ">
    <subfield code="c">326580</subfield>
    <subfield code="d">326580</subfield>
  </datafield>
  <datafield tag="952" ind1=" " ind2=" ">
    <subfield code="0">0</subfield>
    <subfield code="1">0</subfield>
    <subfield code="4">0</subfield>
    <subfield code="7">0</subfield>
    <subfield code="a">CCEP</subfield>
    <subfield code="b">CCEP</subfield>
    <subfield code="d">2010-12-10</subfield>
    <subfield code="e">Tbs</subfield>
    <subfield code="f">COMP</subfield>
    <subfield code="g">371.25</subfield>
    <subfield code="i">6306</subfield>
    <subfield code="l">3</subfield>
    <subfield code="o">523.1</subfield>
    <subfield code="p">CCEP-BK-37787</subfield>
    <subfield code="r">2025-12-06 12:04:00</subfield>
    <subfield code="s">2025-11-12</subfield>
    <subfield code="t">123.75</subfield>
    <subfield code="v">495.00</subfield>
    <subfield code="w">2010-11-22</subfield>
    <subfield code="y">BK</subfield>
    <subfield code="z">037787</subfield>
  </datafield>
</record>
